00278nam a2200109Ia 4500008004000000020001800040082001600058100002000074245004200094260002400136300000800160210210b1980 xxu||||| |||| 00| 0 eng d a0 8164 9209 3 a370.19 FREE aFREIRE (Paulo). aEducation for critical consciousness. aNYbContinuumc1980 a164